Михаил Юрьевич Лермонтов: Жизнь и творчество

Bibliographische Detailangaben
1. Verfasser: Висковатов П. А. Павел Александрович
Weitere Verfasser: Фридлендер Г. М. (автор предисловия), Карпов А. А.
Sprache:Russisch
Veröffentlicht: Москва, Современник, 1987
Schlagworte:
Format: Buch
KOHA link:https://koha.lib.tpu.ru/cgi-bin/koha/opac-detail.pl?biblionumber=141478

MARC

LEADER 00000nam0a2200000 4500
001 141478
005 20231031142441.0
035 |a (RuTPU)RU\TPU\book\153355 
090 |a 141478 
100 |a 20080819d1987 k y0rusy5003 ca 
101 0 |a rus 
102 |a RU 
105 |a c z 001ab 
200 1 |a Михаил Юрьевич Лермонтов  |e Жизнь и творчество  |f П. А. Висковатов  |g авт. предисл. Г. М. Фридлендер ; подгот. текста и коммент. А. А. Карпов 
210 |a Москва  |c Современник  |d 1987 
215 |a 494 с.  |c портр.  |d 17 см 
320 |a Указатель произведений: с. 456-462 
320 |a Указатель имен: с. 463-490 
600 1 |a Лермонтов  |g Михаил Юрьевич  |c русский поэт  |f 1814-1841  |c писатель  |b М. Ю.  |2 stltpush  |3 (RuTPU)RU\TPU\pers\1023 
610 1 |a Русская литература - 19 в. 
610 1 |a биографии 
675 |a 8Р1(092)  |z rus 
700 1 |a Висковатов  |b П. А.  |g Павел Александрович  |4 070 
702 1 |a Фридлендер  |b Г. М.  |4 080 
702 1 |a Карпов  |b А. А.  |4 210 
801 0 |a RU  |b RuMRKP  |c 19950417  |g psbo 
801 1 |a RU  |b 63413507  |c 20080819  |g PSBO 
801 2 |a RU  |b 63413507  |c 20081225  |g PSBO 
942 |c BK